| 000 | 01325pam a2200349 a 4500 | ||
|---|---|---|---|
| 999 |
_c7496 _d7496 |
||
| 001 | 7496 | ||
| 003 | BD-JhCC | ||
| 005 | 20180210200711.0 | ||
| 008 | 890901s1989 nyua bc 000 0 eng | ||
| 020 | _a0870995707 | ||
| 020 | _a0870995715 (pbk.) | ||
| 020 | _a0810919001 (Abrams) | ||
| 035 | _a(BD-JhCC)7496 | ||
| 040 |
_aDLC _cDLC _dDLC _dBD-JhCC |
||
| 041 | _aeng | ||
| 050 | 0 | 0 |
_aGT860 _b.A34 1989 |
| 082 | 0 | 0 |
_a391/.00944/09032 _220 _bTHE 1975 |
| 245 | 0 | 4 |
_aThe Age of Napoleon : _bcostume from Revolution to Empire, 1789-1815 / _cessays by Charles Otto Zieseniss ... [et al.] ; Katell le Bourhis, general editor. |
| 260 |
_aNew York : _bMetropolitan Museum of Art H.N. Abrams, _cc1989. |
||
| 300 |
_axiii, 270 p. : _bill. (chiefly col.) ; _c31 cm. |
||
| 500 | _aExhibition catalogue. | ||
| 504 | _aIncludes bibliographical references (p. 238-245). | ||
| 600 | 0 | 0 |
_aNapoleon _cEmperor of the French, _d1769-1821 |
| 610 | 2 | 0 | _aMetropolitan Museum of Art (New York, N.Y.) |
| 650 | 0 |
_aClothing and dress _zFrance _xHistory _y18th century _vExhibitions. |
|
| 650 | 0 |
_aClothing and dress _zFrance _xHistory _y19th century _vExhibitions. |
|
| 700 | 1 |
_aZieseniss, Charles-Otto, _d1915-2000. |
|
| 700 | 1 | _aLe Bourhis, Katell. | |
| 710 | 2 | _aMetropolitan Museum of Art (New York, N.Y.) | |
| 942 |
_2ddc _cBK |
||